000 00433nam a22001697a 4500
999 _c7848
_d7848
003 OSt
005 20220324175736.0
008 220324b ||||| |||| 00| 0 eng d
020 _a9780521883948
040 _cDDC
082 _a321.8 GER 2008
100 _aGerring, John : Thacker, Strom C
_915962
245 _aA centripetal theory o democratic governance
300 _axiii,237p.
_c; 24 cm
504 _aIndex
942 _2ddc
_cBOOK